Quiz culture générale - Statistiques

Statistiques générales
  • Ce quiz a été pris 74 fois
  • Le résultat moyen est 20 sur 25
Statistiques - réponses
Question Réponse % Correct
Qui a découvert l’Amérique en 1492 ? Christophe Colomb
100%
Qui a peint la Joconde ? Léonard de Vinci
99%
Quel est la capitale de l’Espagne ? Madrid
99%
Quel est le plus grand désert chaud du monde ? Sahara
99%
En quelle année a eu lieu la Révolution française ? 1789
96%
Quel organe pompe le sang ? Cœur
96%
Quel est l’élément chimique de symbole Fe ? Fer
94%
Qui a été le premier homme à marcher sur la Lune ? Neil Armstrong
94%
Quelle est la monnaie du Japon ? Yen
93%
Quelle est la racine carrée de 144 ? 12
91%
Quelle est la capitale du Canada ? Ottawa
90%
Quel est l’organe principal du système nerveux ? Cerveau
87%
Qui a peint "La Nuit étoilée" ? Van Gogh
87%
Quel est la planète la plus proche du soleil dans notre système solaire ? Mercure
83%
Quel est le plus grand os du corps humain ? Fémur
80%
Qui a formulé la théorie de la relativité ? Einstein
79%
Combien d’os dans le corps humain adulte ? 206
73%
Quel philosophe a dit "Je pense donc je suis" ? Descartes
71%
Quelle langue utilise l’alphabet cyrillique ? Russe
69%
Quelle est la vitesse de la lumière (approx.) ? 300 000 km/s
66%
Quelle année débute le calendrier musulman ? 622
60%
Quelle est la langue la plus parlée au monde ? Mandarin
60%
Quelle est la plus longue rivière du monde ? Amazone
54%
Quelle est la capitale du Bhoutan ? Thimphou
39%
Quel gaz respirons-nous principalement ? Azote
21%
Aucun quiz correspondant
Distribution des résultats
% des personnes avec chaque résultat
Percentile par nombre de réponses
Votre historique - résultats
Vous n’avez pas pris ce quiz